|
|
|
|
| LEADER |
01306nab#a2200409#ar4500 |
| 001 |
000000792 |
| 003 |
SVKKK |
| 005 |
00000000000000.0 |
| 008 |
c xo e engo |
| FMT |
|
|
|
| 038 |
|
|
|a SVKKK
|
| 040 |
|
|
|a SVKKK
|b slo
|e AACR2
|
| 041 |
0 |
|
|a eng
|b eng
|
| 044 |
|
|
|a xo
|c SK
|
| 080 |
|
|
|a 549.742.11
|2 1981
|
| 080 |
|
|
|a 551.3.05
|2 1981
|
| 242 |
1 |
0 |
|a Vlastnosti spodného pontu v srbskom vrte neďaleko Negotinu, Dačská kotlina
|
| 245 |
0 |
0 |
|a Properties of the Lower Pontian in the Srbovo bore hole near Negotin, Dacian Basin
|c Krstič Nadežda ... [et al.]
|
| 300 |
|
|
|b Fotogr. 1,obr. 26, tab. 6,
|
| 504 |
|
|
|a Res. angl., lit. 41 zázn. v angl., nem.
|
| 650 |
0 |
4 |
|a silt sideritový
|x sedimentológia
|x sondy vrtné
|z Srbsko severovýchodné
|x paleoekológia
|x štúdie
|
| 700 |
1 |
|
|a Cvetkovič, Dimitrije
|4 aut
|
| 700 |
1 |
|
|a Dodikovič, Srebrenka
|4 aut
|
| 700 |
1 |
|
|a Gordanič, Vojin
|4 aut
|
| 700 |
1 |
|
|a Krstič, Nadežda
|4 aut
|
| 700 |
1 |
|
|a Mihajlovič, Dorde
|4 aut
|
| 700 |
1 |
|
|a Miličevič, Vlado
|4 aut
|
| 700 |
1 |
|
|a Potkonjak, Branislav
|4 aut
|
| 773 |
0 |
|
|t Geologica Carpathica
|x 1335-0552
|g Roč. 46, č. 6(1995), s. 357-370
|
| 958 |
|
|
|a MS
|
| 958 |
|
|
|a NB
|
| 958 |
|
|
|a YU
|
| 974 |
|
|
|d 960325
|a 244
|
| 992 |
|
|
|a RBX
|
| BAS |
|
|
|
| 852 |
|
|
|a SVKKK
|b BIB
|
| 998 |
|
|
|a GEO
|